书目信息 |
| 题名: |
世界名山
|
|
| 作者: | 徐斌 , 金伟 主编 | |
| 分册: | ||
| 出版信息: | 长春 长春出版社 2009 |
|
| 页数: | 219页 | |
| 开本: | 25cm | |
| 丛书名: | ||
| 单 册: | ||
| 中图分类: | K918.3 | |
| 科图分类: | ||
| 主题词: | 山--简介--世界 , 山 | |
| 电子资源: | ||
| ISBN: | 978-7-5445-0446-1 | |
| 000 | 00909nam0 2200289 45 | |
| 001 | 1050829734 | |
| 005 | 20100420092104.90 | |
| 010 | @a978-7-5445-0446-1@dCNY29.80 | |
| 100 | @a20100409d2009 em y0chiy50 ea | |
| 101 | 0 | @achi |
| 102 | @aCN@b220000 | |
| 105 | @aa z 000yy | |
| 106 | @ar | |
| 200 | 1 | @a世界名山@AShi Jie Ming Shan@dFamous mountains of the world@f徐斌,金伟著@FXu Bin, Jin Wei Zhu@zeng |
| 205 | @a2版 | |
| 210 | @a长春@c长春出版社@d2009 | |
| 215 | @a219页@c照片@d25cm | |
| 300 | @a世界自然地理 | |
| 330 | @a本书分别介绍了亚洲、非洲、欧洲、美洲和澳洲的著名山脉。包括:珠穆朗玛峰、富士山、肯尼亚山、阿尔卑斯山等。 | |
| 510 | 1 | @aFamous mountains of the world@zeng |
| 606 | 0 | @a山@x简介@y世界 |
| 606 | 0 | @a山 |
| 690 | @aK918.3@v4 | |
| 701 | 0 | @a徐斌@AXu Bin@4主编 |
| 701 | 0 | @a金伟@AJin Wei@4著 |
| 801 | 0 | @aCN@bTANGWEI@c20100420 |
| 905 | @b0590878-79@dK918.3@e190=2@f2 | |
| 世界名山=Famous mountains of the world/徐斌,金伟著.-2版.-长春:长春出版社,2009 |
| 219页:照片;25cm |
| 世界自然地理 |
| ISBN 978-7-5445-0446-1:CNY29.80 |
| 本书分别介绍了亚洲、非洲、欧洲、美洲和澳洲的著名山脉。包括:珠穆朗玛峰、富士山、肯尼亚山、阿尔卑斯山等。 |
| ● |
| 相关链接 |
|
|
|
|
正题名:世界名山
索取号:K918.3/190=2
 
预约/预借
| 序号 | 登录号 | 条形码 | 馆藏地/架位号 | 状态 | 备注 |
| 1 | 0590878 | 205908785 | 第二样本阅览室/ [索取号:K918.3/190=2] | 在馆 | |
| 2 | 0590879 | 205908794 | 第二借阅区/ [索取号:K918.3/190=2] | 在馆 |